Регионална библиотека "Любен Каравелов" - Русе

Модел на образователна драма в училище (Запис номер 169355)

MARC детайли
000 -Лидер
Контролно поле с фиксирана дължина 02049nam a2200457 c 4500
003 - Код на организацията, давaща контролен номер
Контролно поле BLK
005 - Дата и час на последна редакция
Контролно поле 20240913141004.0
008 - Елементи от данни с фиксирана дължина
fixed length control field 180411b bul|||||r ||||||| ||bul||
010 ## - Наследен системен номер
LC control number KNG00177362000
020 ## - Международен стандартен номер на книга ISBN
Международен стандартен номер на книга ISBN 978-954-07-3569-6
-- издат.: Унив. изд. Св. Климент Охридски
040 ## - Източник на каталожния запис
Идентификатор на билиотеката - собственик на записа BLK
041 ## - Код за език
Код за езика на текст/звукозапис или на отделно заглавие Български
Код за езика КДБФ Български
072 #7 - Код за тематичната категория
Код организация bullib
Код за тематична категория Н37
Текст Образование. Педагогика Н
080 ## - УДК
Текстов определител УДК Методи и форми на обучение. Вж и 371.64/.69
УДК код - определител по УДК 371.3
УДК определител
УДК - код + определител 371.3
080 ## - УДК
Текстов определител УДК Текстове на пиеси, либрета, партитури и др.
УДК код - определител по УДК 792.026
УДК определител
УДК - код + определител 792.026
080 ## - УДК
Текстов определител УДК Самодеен театър
УДК код - определител по УДК 792.077
УДК определител
УДК - код + определител 792.077
100 1# - Редна дума - Автор
Автор Василева, Радка Емилова
Авторска отговорност първи автор
R(LIN) 375883
139 ## - Редно поле
Редна дума Василева, Радка Емилова
Авторски знак Васи - В 24
245 10 - Сведения за заглавието
Заглавие Модел на образователна драма в училище
Редно поле (дума) Радка Емилова Василева; худож. Борислав Иванов Кьосев.
257 ## - Страна на издаване
Страна на създаване/издаване България
260 ## - Област на издателските данни
-- София
Име на издателя, разпространителя и проч. Унив. изд. Св. Климент Охридски
Година на издаване 2014
300 ## - Физическа характеристика
Страници 174 с.
Илюстрации и др. с ил., табл.
Размери/Мащаб 24 см
380 ## - Жанр
Жанр Обществени науки
500 ## - Общи забележки
Забележка Библиогр.: с. 173.
650 #4 - Допълнително описание по предмет – тема
Основно описание – тема или топоним Обучение - методи
9 (RLIN) 245693
650 #4 - Допълнително описание по предмет – тема
Основно описание – тема или топоним Сценично изкуство
9 (RLIN) 172759
650 #4 - Допълнително описание по предмет – тема
Основно описание – тема или топоним Театрална самодейност - България
9 (RLIN) 250103
650 #4 - Допълнително описание по предмет – тема
Основно описание – тема или топоним Дидактически игри
9 (RLIN) 280381
653 ## - Ключова дума – ненормативна
Ключова дума обучение
653 ## - Ключова дума – ненормативна
Ключова дума сценична адаптация
653 ## - Ключова дума – ненормативна
Ключова дума театрална самодейност
653 ## - Ключова дума – ненормативна
Ключова дума дидактически игри
659 ## - Тематичен бюлетин
Тематичен бюлетин Н
700 1# - Други автори (авторска отговорност)
Лично име Кьосев, Борислав Иванов
Автороска отговорност (Описва отношението между автора и произведението) худож.
9 (RLIN) 327928
852 ## - Местоположение
Форматна сигнатура Цб 275027
856 4# - Електронен адрес и достъп
Електронен формат pdf - файл
Път до файла /url/
856 4# - Електронен адрес и достъп
Електронен формат pdf - файл
Път до файла /url/
942 ## - АРТИКУЛИ
Вид на библиотечния материал Книги
Скрит в OPAC Не
Koha issues (borrowed), all copies 3
944 ## - СЪЗДАВАНЕ И РЕДАКЦИЯ на ЗАПИСА
Създаване/Редакция Създаване
Дата на регистрацията/редакция 29.06.2015
Служител, извършил регистрацията/редакцията 30531
Статус, дата на статуса Цветелина Шанова
944 ## - СЪЗДАВАНЕ И РЕДАКЦИЯ на ЗАПИСА
Създаване/Редакция Редакция
Дата на регистрацията/редакция 30.05.2016
Служител, извършил регистрацията/редакцията Пенка_Димитрова
999 ## - СИСТЕМНИ КОНТРОЛНИ НОМЕРА
Koha biblionumber 169355
Koha biblioitemnumber 169355
Наличности
Код за отписване Код за изгубен артикул Код за повреда Коз за рестрикции Код за отдаване Артикулен № Име на библиотеката - собственик Име на библиотеката, в която се намира в момента Статус (Текущо местоположение) Дата на вписване в системата Местоположение - отдел Цена в лева Инвентарен номер Систематично азбучна сигнатура Баркод Номер на екземпляра Цена в евро Служебна бележка Служебен тип на артикула Източник на класификационната схема
  Не е изгубен Не е повреден без рестрикции ползва се в читалня 286373 Регионална библиотека "Любен Каравелов" Русе Регионална библиотека "Любен Каравелов" Русе Хранилище 2015-06-29 Хранилище 10.00 120000789414 Цб 275027 120000789414 1 5.11 Дост: Dp Вид: Д N: 6 Дата: 30.01.2015 Книги  
  Не е изгубен Не е повреден без рестрикции заемане за дома 286374 Регионална библиотека "Любен Каравелов" Русе Регионална библиотека "Любен Каравелов" Русе Заемна - подръчен фонд 2016-05-30 Заемна - подръчен фонд 7.50 120000800421 37.091.3/В 24 Р 120000800421 2 3.83 Дост: Pk Вид: Ф N: 13086 Дата: 27.05.2016 Дата инв: 08.02.2018 Бележки инв: П2018 Книги Universal Decimal Classification
Vip Innovations Ltd, Rousse, Bulgaria 2025